|
|
|
|
| LEADER |
00000naa a2200000uu 4500 |
| 001 |
vtls010938350 |
| 003 |
SK-MaSNL |
| 005 |
20260302120547.0 |
| 008 |
220810|2000 xo |||||||||||||||||cze| |
| 015 |
|
|
|a SNBRA
|
| 035 |
|
|
|a (urnnbn)urn:nbn:sk:snk:ar-a0b9my
|
| 035 |
|
|
|a (uuid)6bbb45fa-40e4-40e9-ace6-e5a8d8dab430
|
| 035 |
|
|
|a urn:nbn:sk:snk-aau1yq
|
| 040 |
|
|
|a SNKBUCL
|b slo
|c SNKBUCL
|e AACR2
|
| 041 |
0 |
|
|a cze
|
| 044 |
|
|
|a xo
|c SK
|
| 100 |
1 |
|
|a Blažek, J.
|4 aut
|9 295897
|
| 245 |
1 |
0 |
|a POČÍTAČOVÉ ZPRACOVÁNÍ INTERFEROGRAMŮ
|c J. Blažek, P. Kříž, V. Stach
|
| 246 |
3 |
|
|a COMPUTER PROCESSING OF INTERFEROGRAMS
|
| 700 |
1 |
|
|a Kříž, P.
|4 aut
|9 801361
|
| 700 |
1 |
|
|a Stach, V.
|4 aut
|9 801362
|
| 773 |
0 |
|
|t 13. konferencia slovenských a českých fyzikov
|d Zvolen : Technická univerzita, 2000
|g S. 335-337
|z 8022808768
|
| 954 |
|
|
|a odborná, vedecká literatúra cudzojazyčná (svetová)
|2 lita
|
| 958 |
|
|
|a OND
|
| 958 |
|
|
|a article11
|
| 958 |
|
|
|a chapter
|
| 999 |
|
|
|c 1270021
|d 1271951
|